Every Silksong Boss - Statistics

General Stats
  • This quiz has been taken 191 times
  • The average score is 36 of 44
Answer Stats
Hint Answer % Correct
Moss Grotto & Weavenest Atla Moss Mother
98%
Deep Docks Lace #1
96%
The Cradle Lace #2
96%
The Marrow Bell Beast
94%
Blasted Steps Last Judge
93%
Bellhart Widow
93%
Cogwork Core Cogwork Dancers
91%
The Cradle Grand Mother Silk
91%
The Marrow & Bone Bottom Skull Tyrant
91%
Far Fields Fourth Chorus
90%
Bilewater Groal the Great
90%
The Abyss Lost Lace
90%
Greymoor Moorwing
90%
Shellwood Sister Splinter
90%
Bilewater Phantom
88%
The Slab First Sinner
87%
Verdania Clover Dancers
86%
Sands of Karak Raging Conchfly
86%
Hunter's March & Far Fields Savage Beastfly
86%
Far Fields Skarrsinger Karmelita
85%
Grand Bellway Bell Eater
84%
Wisp Thicket Father of the Flame
84%
Shellwood Nyleth
84%
Whispering Vaults Trobbio
84%
Shellwood Shrine Guardian Seth
83%
The Slab Broodmother
79%
Deep Docks Forebrothers Signis & Gron
79%
Mount Fay Pinstress
79%
Greymoor Crawfather
78%
Sands of Karak Crust King Khann
78%
Sinner's Road Disgraced Chef Lugoli
78%
Verdania Palestag
78%
Greymoor (Secret) Shakra
78%
Whispering Vaults Tormented Trobbio
78%
Whiteward The Unraveled
75%
Blasted Steps Great Conchflies
74%
Wormways Plasmified Zango
74%
High Halls Second Sentinel
74%
Blasted Steps Lost Garmond
71%
Far Fields Gurr the Outcast
68%
Sands of Karak Watcher at the Edge
67%
Choral Chambers (Secret) Garmond and Zaza
63%
Sands of Karak Voltvyrm
63%
Bone Grave (Steel Soul) Summoned Savior
56%
No matching quizzes found
Score Distribution
Percent of People with Each Score
Percentile by Number Answered
Your Score History
You have not taken this quiz